El impacto del 98 en América y Europa : (Record no. 190386)

MARC details
000 -LEADER
campo de control de longitud fija 00986nab a2200217 i 4500
001 - NÚMERO DE CONTROL
campo de control 190386
003 - IDENTIFICADOR DE NÚMERO DE CONTROL
campo de control ES-MaACL
005 - FECHA Y HORA DE LA ÚLTIMA TRANSACCIÓN
campo de control 20250704062551.0
008 - DATOS DE LONGITUD FIJA--INFORMACIÓN GENERAL
campo de control de longitud fija 210120s1996 sp 000 0 spa d
100 1# - ENTRADA PRINCIPAL--NOMBRE DE PERSONA
Nombre de persona Mallo, Tomás
9 (RLIN) 75818
245 13 - MENCIÓN DEL TÍTULO
Título El impacto del 98 en América y Europa :
Resto del título ética y política a finales del siglo XIX : el Ateneo de Madrid ante el 98 /
Mención de responsabilidad, etc. Tomás Mallo Gutiérrez.
610 24 - PUNTO DE ACCESO ADICIONAL DE MATERIA--NOMBRE DE ENTIDAD CORPORATIVA
Nombre de entidad corporativa o nombre de jurisdicción como elemento de entrada Ateneo de Madrid-
Subdivisión de forma Historia
9 (RLIN) 1925
651 #4 - PUNTO DE ACCESO ADICIONAL DE MATERIA--NOMBRE GEOGRÁFICO
Nombre geográfico España-
Subdivisión general Historia-
Subdivisión cronológica 1898
9 (RLIN) 8272
710 2# - ENTRADA AGREGADA--NOMBRE DE ENTIDAD CORPORATIVA
Nombre de entidad corporativa o nombre de jurisdicción como elemento de entrada Fundación Gustavo Bueno.
9 (RLIN) 227011
740 32 - ENTRADA AGREGADA--TÍTULO RELACIONADO/ANALÍTICO NO CONTROLADO
Título relacionado o analítico no controlado El Ateneo de Madrid ante el 98.
773 0# - ASIENTO DE ITEM FUENTE
Número de control del registro (SpMaBN)193439
Número bibliográfico anfitrión (SpMaBN)193439
Número de ítem anfitrión 2854
Título El Basilisco : revista de filosofía, ciencias humanas, teoría de la ciencia y de la cultura,
Lugar, editor y fecha de publicación Oviedo : Fundación Gustavo Bueno,
Número Internacional Normalizado para Publicaciones Seriadas ISSN 0210-0088,
Parte(s) relacionada(s) 1996, n. 21, p. 49-51
856 ## - LOCALIZACIÓN Y ACCESO ELECTRÓNICOS
Identificador Uniforme de Recursos <a href="https://filosofia.org/rev/bas/bas22119.htm">https://filosofia.org/rev/bas/bas22119.htm</a>
Texto de enlace Texto completo
942 ## - ELEMENTOS DE ENTRADA SECUNDARIOS (KOHA)
Tipo de ítem Koha Artículo de revista
Fuente del sistema de clasificación o colocación Clasificación decimal universal

No items available.